[Event "Poznan Chess Festival"]
[Site "chess24.com"]
[Date "2021.08.20"]
[Round "7"]
[White "Stempin, Pawel"]
[Black "Trybowska, Barbara"]
[Result "1-0"]
[Board "9"]
[WhiteElo "2356"]
[WhiteTitle "IM"]
[WhiteCountry "POL"]
[WhiteFideId "1100068"]
[WhiteEloChange "2"]
[BlackElo "1807"]
[BlackCountry "POL"]
[BlackFideId "1172956"]
[BlackEloChange "-2"]

1. c4 {[%clk 1:30:50]} c5 {[%clk 1:30:54]} 2. Nf3 {[%clk 1:31:02]} Nf6 {[%clk
1:31:15]} 3. d4 {[%clk 1:30:27]} cxd4 {[%clk 1:30:49]} 4. Nxd4 {[%clk 1:30:45]}
g6 {[%clk 1:28:14]} 5. Nc3 {[%clk 1:30:49]} Bg7 {[%clk 1:27:50]} 6. e4 {[%clk
1:30:19]} d6 {[%clk 1:26:59]} 7. Be2 {[%clk 1:29:58]} Nc6 {[%clk 1:24:15]} 8. Be3
{[%clk 1:29:33]} Bd7 {[%clk 1:22:40]} 9. h3 {[%clk 1:27:41]} Nxd4 {[%clk
1:16:13]} 10. Bxd4 {[%clk 1:27:43]} Bc6 {[%clk 1:16:26]} 11. Qc2 {[%clk 1:27:16]}
Qc7 {[%clk 1:13:41]} 12. O-O {[%clk 1:27:00]} O-O {[%clk 1:12:57]} 13. Rad1
{[%clk 1:14:26]} b6 {[%clk 1:08:31]} 14. f4 {[%clk 1:12:53]} Qb7 {[%clk 1:01:43]}
15. Bf3 {[%clk 1:12:55]} Rac8 {[%clk 0:56:17]} 16. Qe2 {[%clk 1:11:45]} Rfe8
{[%clk 0:43:41]} 17. e5 {[%clk 1:07:41]} Nd7 {[%clk 0:35:29]} 18. e6 {[%clk
1:00:26]} fxe6 {[%clk 0:28:09]} 19. Qxe6+ {[%clk 1:00:12]} Kh8 {[%clk 0:28:33]}
20. Bxg7+ {[%clk 0:56:19]} Kxg7 {[%clk 0:28:57]} 21. Nd5 {[%clk 0:56:04]} Nf6
{[%clk 0:21:12]} 22. Rd2 {[%clk 0:50:12]} Qd7 {[%clk 0:17:19]} 23. Qe3 {[%clk
0:46:14]} b5 {[%clk 0:12:30]} 24. b3 {[%clk 0:42:19]} bxc4 {[%clk 0:10:32]} 25.
bxc4 {[%clk 0:42:38]} Bxd5 {[%clk 0:08:36]} 26. cxd5 {[%clk 0:42:51]} Rc5 {[%clk
0:08:44]} 27. Qd4 {[%clk 0:41:54]} e5 {[%clk 0:06:54]} 28. dxe6 {[%clk 0:42:02]}
Qxe6 {[%clk 0:06:45]} 29. Qxd6 {[%clk 0:37:25]} Qxd6 {[%clk 0:06:56]} 30. Rxd6
{[%clk 0:37:39]} Ra5 {[%clk 0:07:12]} 31. Rc1 {[%clk 0:36:12]} Re7 {[%clk
0:05:50]} 32. Rcc6 {[%clk 0:28:43]} Ne8 {[%clk 0:05:29]} 33. Ra6 {[%clk 0:25:26]}
Rxa2 {[%clk 0:02:27]} 34. Rxg6+ {[%clk 0:25:12]} hxg6 {[%clk 0:02:52]} 35. Rxa2
{[%clk 0:25:34]} Nd6 {[%clk 0:03:06]} 36. Ra4 {[%clk 0:24:56]} Nf5 {[%clk
0:02:51]} 37. Kf2 {[%clk 0:23:19]} Rc7 {[%clk 0:01:57]} 38. Be4 {[%clk 0:23:02]}
Nd6 {[%clk 0:01:11]} 39. Bd3 {[%clk 0:23:01]} Rd7 {[%clk 0:01:06]} 40. g4 {[%clk
0:21:23]} Nc8 {[%clk 0:01:05]} 41. Ra3 {[%clk 0:18:25]} Nb6 {[%clk 0:01:16]} 42.
Kf3 {[%clk 0:18:22]} Kf6 {[%clk 0:01:21]} 43. h4 {[%clk 0:18:26]} Nd5 {[%clk
0:00:53]} 44. Be4 {[%clk 0:14:06]} Nb6 {[%clk 0:01:10]} 45. Rc3 {[%clk 0:14:08]}
Rd6 {[%clk 0:00:41]} 46. Rc5 {[%clk 0:12:01]} Kg7 {[%clk 0:00:49]} 47. h5 {[%clk
0:11:22]} gxh5 {[%clk 0:01:03]} 48. Rxh5 {[%clk 0:11:41]} Rd7 {[%clk 0:00:53]}
49. Ra5 {[%clk 0:11:22]} Nc4 {[%clk 0:01:09]} 50. Rg5+ {[%clk 0:11:15]} Kf6
{[%clk 0:01:24]} 51. Rc5 {[%clk 0:09:01]} Nd2+ {[%clk 0:01:33]} 52. Ke3 {[%clk
0:09:17]} Nf1+ {[%clk 0:01:32]} 53. Kf2 {[%clk 0:08:58]} Nd2 {[%clk 0:01:55]} 54.
Bc2 {[%clk 0:08:48]} Rd4 {[%clk 0:01:54]} 55. Ke3 {[%clk 0:08:44]} Rd7 {[%clk
0:01:47]} 56. Rc6+ {[%clk 0:07:53]} Kg7 {[%clk 0:02:06]} 57. Bd3 {[%clk 0:08:03]}
Nb3 {[%clk 0:01:53]} 58. g5 {[%clk 0:07:32]} a5 {[%clk 0:01:33]} 59. f5 {[%clk
0:07:19]} Rd8 {[%clk 0:00:50]} 60. f6+ {[%clk 0:07:18]} Kf8 {[%clk 0:01:10]} 61.
g6 {[%clk 0:07:12]} Re8+ {[%clk 0:01:22]} 62. Kf4 {[%clk 0:06:19]} Nd2 {[%clk
0:01:43]} 63. Rc7 {[%clk 0:05:01]} Rd8 {[%clk 0:01:57]} 64. g7+ {[%clk 0:04:20]}
Kg8 {[%clk 0:02:22]} 65. Bf5 {[%clk 0:04:38]} 1-0

[Event "Poznan Chess Festival"]
[Site "chess24.com"]
[Date "2021.08.20"]
[Round "7"]
[White "Raczynski, Krzysztof"]
[Black "Kostecka, Marika"]
[Result "1/2-1/2"]
[Board "10"]
[WhiteElo "2212"]
[WhiteCountry "POL"]
[WhiteFideId "1172549"]
[WhiteEloChange "-8"]
[BlackElo "1833"]
[BlackTitle "WCM"]
[BlackCountry "POL"]
[BlackFideId "1193473"]
[BlackEloChange "8"]

1. e4 {[%clk 1:30:57]} c5 {[%clk 1:30:52]} 2. Nf3 {[%clk 1:31:16]} d6 {[%clk
1:31:13]} 3. d4 {[%clk 1:31:35]} cxd4 {[%clk 1:31:36]} 4. Nxd4 {[%clk 1:31:59]}
Nf6 {[%clk 1:32:01]} 5. Nc3 {[%clk 1:32:18]} a6 {[%clk 1:32:25]} 6. a3 {[%clk
1:32:39]} e6 {[%clk 1:28:21]} 7. f4 {[%clk 1:32:19]} Be7 {[%clk 1:27:26]} 8. Bd3
{[%clk 1:32:10]} Nbd7 {[%clk 1:22:02]} 9. O-O {[%clk 1:31:32]} Nc5 {[%clk
1:15:40]} 10. Qf3 {[%clk 1:27:44]} Nxd3 {[%clk 1:12:02]} 11. cxd3 {[%clk
1:26:41]} O-O {[%clk 1:09:53]} 12. Be3 {[%clk 1:25:09]} Qd7 {[%clk 1:06:10]} 13.
e5 {[%clk 1:20:21]} dxe5 {[%clk 1:04:33]} 14. fxe5 {[%clk 1:20:39]} Nd5 {[%clk
1:04:41]} 15. Nxd5 {[%clk 1:20:33]} Qxd5 {[%clk 1:02:57]} 16. Qxd5 {[%clk
1:19:53]} exd5 {[%clk 1:03:12]} 17. Rac1 {[%clk 1:19:55]} Bd8 {[%clk 0:55:08]}
18. Rfe1 {[%clk 1:04:35]} Bd7 {[%clk 0:48:14]} 19. Rc5 {[%clk 0:59:30]} Be6
{[%clk 0:42:29]} 20. Rc3 {[%clk 0:59:16]} Bb6 {[%clk 0:39:49]} 21. Nc2 {[%clk
0:57:18]} Bxe3+ {[%clk 0:36:55]} 22. Rxe3 {[%clk 0:57:39]} Rac8 {[%clk 0:36:49]}
23. Rxc8 {[%clk 0:55:36]} Rxc8 {[%clk 0:37:04]} 24. Nd4 {[%clk 0:55:43]} Kf8
{[%clk 0:35:47]} 25. Re1 {[%clk 0:54:28]} Ke7 {[%clk 0:35:12]} 26. Kf2 {[%clk
0:54:28]} Rc7 {[%clk 0:34:21]} 27. h4 {[%clk 0:51:15]} Bg4 {[%clk 0:32:33]} 28.
Ke3 {[%clk 0:50:05]} Be6 {[%clk 0:30:40]} 29. Kf4 {[%clk 0:49:44]} Rc8 {[%clk
0:29:31]} 30. g3 {[%clk 0:47:52]} Rc7 {[%clk 0:29:13]} 31. Ke3 {[%clk 0:47:27]}
Rc8 {[%clk 0:27:31]} 32. Kd2 {[%clk 0:47:47]} Kd7 {[%clk 0:25:48]} 33. b4 {[%clk
0:47:38]} b6 {[%clk 0:24:39]} 34. Rb1 {[%clk 0:45:00]} b5 {[%clk 0:20:31]} 35.
Nb3 {[%clk 0:43:40]} Rc6 {[%clk 0:20:37]} 36. Nc5+ {[%clk 0:41:42]} Ke7 {[%clk
0:20:13]} 37. Ke3 {[%clk 0:41:37]} a5 {[%clk 0:17:01]} 38. Nb3 {[%clk 0:30:46]}
axb4 {[%clk 0:12:44]} 39. Nd4 {[%clk 0:30:41]} Ra6 {[%clk 0:13:10]} 40. axb4
{[%clk 0:25:58]} Bd7 {[%clk 0:12:47]} 41. Kd2 {[%clk 0:25:05]} Ra2+ {[%clk
0:10:35]} 42. Nc2 {[%clk 0:24:38]} d4 {[%clk 0:09:25]} 43. Re1 {[%clk 0:23:50]}
Bf5 {[%clk 0:08:24]} 44. Kc1 {[%clk 0:21:11]} Bxd3 {[%clk 0:08:44]} 45. Nxd4
{[%clk 0:21:31]} Ra1+ {[%clk 0:07:46]} 46. Kd2 {[%clk 0:21:51]} Rxe1 {[%clk
0:08:04]} 47. Kxe1 {[%clk 0:22:18]} f6 {[%clk 0:08:21]} 48. exf6+ {[%clk
0:21:56]} Kxf6 {[%clk 0:08:33]} 49. Kd2 {[%clk 0:22:14]} Bc4 {[%clk 0:08:47]} 50.
Ke3 {[%clk 0:22:24]} Ke5 {[%clk 0:08:58]} 1/2-1/2

[Event "Poznan Chess Festival"]
[Site "chess24.com"]
[Date "2021.08.20"]
[Round "7"]
[White "Jagodzinski, Olaf"]
[Black "Glatty, Zbigniew"]
[Result "0-1"]
[Board "12"]
[WhiteElo "1519"]
[WhiteCountry "POL"]
[WhiteFideId "21002614"]
[WhiteEloChange "-3"]
[BlackElo "1840"]
[BlackCountry "POL"]
[BlackFideId "1171305"]
[BlackEloChange "3"]

1. e4 {[%clk 1:30:25]} e5 {[%clk 1:30:55]} 2. Nf3 {[%clk 1:30:47]} Nc6 {[%clk
1:31:19]} 3. Bb5 {[%clk 1:31:09]} a6 {[%clk 1:31:43]} 4. Ba4 {[%clk 1:31:32]} Nf6
{[%clk 1:32:06]} 5. O-O {[%clk 1:31:56]} Be7 {[%clk 1:32:32]} 6. Re1 {[%clk
1:32:19]} b5 {[%clk 1:32:57]} 7. Bb3 {[%clk 1:32:46]} d6 {[%clk 1:33:20]} 8. c3
{[%clk 1:33:12]} O-O {[%clk 1:33:37]} 9. h3 {[%clk 1:33:33]} Na5 {[%clk 1:34:00]}
10. Bc2 {[%clk 1:33:29]} c5 {[%clk 1:34:24]} 11. d4 {[%clk 1:32:41]} Qc7 {[%clk
1:34:48]} 12. Nbd2 {[%clk 1:30:17]} cxd4 {[%clk 1:35:10]} 13. cxd4 {[%clk
1:30:36]} Nc6 {[%clk 1:35:36]} 14. d5 {[%clk 1:25:20]} Nb4 {[%clk 1:35:59]} 15.
Bb3 {[%clk 1:24:54]} a5 {[%clk 1:36:22]} 16. a3 {[%clk 1:24:55]} Nd3 {[%clk
1:35:36]} 17. Re3 {[%clk 1:13:48]} Nc5 {[%clk 1:35:57]} 18. Bc2 {[%clk 1:09:54]}
a4 {[%clk 1:36:19]} 19. b3 {[%clk 1:04:28]} axb3 {[%clk 1:35:33]} 20. Nxb3 {[%clk
1:04:43]} Na4 {[%clk 1:33:40]} 21. Bd2 {[%clk 0:47:40]} Bd7 {[%clk 1:29:52]} 22.
Bb4 {[%clk 0:43:04]} Rfc8 {[%clk 1:23:25]} 23. Bd3 {[%clk 0:39:44]} Bf8 {[%clk
1:21:59]} 24. Rc1 {[%clk 0:30:31]} Qb7 {[%clk 1:21:13]} 25. Re2 {[%clk 0:29:18]}
Nc5 {[%clk 1:16:45]} 26. Nxc5 {[%clk 0:18:32]} dxc5 {[%clk 1:17:07]} 27. Bc3
{[%clk 0:18:58]} Rxa3 {[%clk 1:15:33]} 28. Bxe5 {[%clk 0:16:29]} c4 {[%clk
1:12:36]} 29. Bb1 {[%clk 0:15:50]} Bxh3 {[%clk 1:05:21]} 30. Bb2 {[%clk 0:14:39]}
Bd7 {[%clk 1:03:07]} 31. Bxa3 {[%clk 0:12:17]} Bxa3 {[%clk 1:03:25]} 32. Rcc2
{[%clk 0:11:32]} b4 {[%clk 1:02:35]} 33. Ra2 {[%clk 0:09:43]} Ra8 {[%clk
1:00:26]} 34. Qd4 {[%clk 0:04:21]} Qb5 {[%clk 0:55:10]} 35. Nd2 {[%clk 0:02:52]}
Rc8 {[%clk 0:37:44]} 36. Rc2 {[%clk 0:02:42]} c3 {[%clk 0:29:41]} 37. Nb3 {[%clk
0:03:06]} Qc4 {[%clk 0:27:35]} 38. Ba2 {[%clk 0:02:03]} Bb5 {[%clk 0:24:50]} 39.
Qxc4 {[%clk 0:01:18]} Bxc4 {[%clk 0:25:14]} 40. Re3 {[%clk 0:01:20]} Bb2 {[%clk
0:23:20]} 41. Re1 {[%clk 0:00:43]} Ra8 {[%clk 0:20:57]} 42. Bb1 {[%clk 0:00:34]}
Bxb3 {[%clk 0:21:15]} 43. Rxb2 {[%clk 0:00:35]} cxb2 {[%clk 0:21:33]} 44. Re2
{[%clk 0:01:01]} Ba2 {[%clk 0:17:41]} 45. Rxb2 {[%clk 0:01:18]} Bxb1 {[%clk
0:18:06]} 46. Rxb1 {[%clk 0:01:38]} Rb8 {[%clk 0:18:32]} 47. f3 {[%clk 0:01:53]}
b3 {[%clk 0:18:51]} 48. Kf2 {[%clk 0:02:18]} b2 {[%clk 0:18:49]} 49. Ke3 {[%clk
0:02:29]} Kf8 {[%clk 0:18:55]} 50. Kd4 {[%clk 0:02:22]} Ke7 {[%clk 0:19:03]} 51.
Kc5 {[%clk 0:01:41]} Nd7+ {[%clk 0:18:28]} 52. Kd4 {[%clk 0:01:30]} f6 {[%clk
0:18:28]} 53. f4 {[%clk 0:00:50]} Kd6 {[%clk 0:18:36]} 54. g4 {[%clk 0:01:01]}
Rb4+ {[%clk 0:17:55]} 55. Ke3 {[%clk 0:01:22]} Nc5 {[%clk 0:18:03]} 0-1

[Event "Poznan Chess Festival"]
[Site "chess24.com"]
[Date "2021.08.20"]
[Round "7"]
[White "Szelag, Zuzanna"]
[Black "Krych, Dominik"]
[Result "0-1"]
[Board "13"]
[WhiteElo "1839"]
[WhiteCountry "POL"]
[WhiteFideId "1195522"]
[WhiteEloChange "-16"]
[BlackElo "1617"]
[BlackCountry "POL"]
[BlackFideId "21039070"]
[BlackEloChange "16"]

1. e4 {[%clk 1:30:58]} e5 {[%clk 1:30:47]} 2. Nf3 {[%clk 1:31:17]} Nc6 {[%clk
1:31:12]} 3. Bb5 {[%clk 1:31:41]} a6 {[%clk 1:31:37]} 4. Ba4 {[%clk 1:32:03]} Nf6
{[%clk 1:32:00]} 5. Qe2 {[%clk 1:32:30]} b5 {[%clk 1:31:27]} 6. Bb3 {[%clk
1:32:51]} Na5 {[%clk 1:31:37]} 7. Nxe5 {[%clk 1:31:56]} Nxb3 {[%clk 1:32:01]} 8.
axb3 {[%clk 1:32:05]} Qe7 {[%clk 1:32:26]} 9. Nf3 {[%clk 1:23:33]} Qxe4 {[%clk
1:32:15]} 10. Qxe4+ {[%clk 1:22:41]} Nxe4 {[%clk 1:32:33]} 11. O-O {[%clk
1:22:57]} Be7 {[%clk 1:28:16]} 12. Re1 {[%clk 1:21:11]} Bb7 {[%clk 1:27:56]} 13.
d3 {[%clk 1:20:09]} Nf6 {[%clk 1:28:12]} 14. Nd4 {[%clk 1:18:13]} g6 {[%clk
1:27:29]} 15. Bg5 {[%clk 1:14:18]} Ng8 {[%clk 1:27:32]} 16. Nd2 {[%clk 1:11:28]}
f6 {[%clk 1:26:14]} 17. Bh4 {[%clk 1:04:55]} Kf7 {[%clk 1:24:47]} 18. Bg3 {[%clk
0:57:55]} c5 {[%clk 1:21:28]} 19. N4f3 {[%clk 0:57:04]} h5 {[%clk 1:20:33]} 20.
Ne4 {[%clk 0:54:31]} Nh6 {[%clk 1:13:06]} 21. Nd6+ {[%clk 0:46:57]} Bxd6 {[%clk
1:13:16]} 22. Bxd6 {[%clk 0:47:25]} Nf5 {[%clk 1:13:35]} 23. Bxc5 {[%clk
0:40:18]} Rhc8 {[%clk 1:13:31]} 24. Bb4 {[%clk 0:38:09]} Rxc2 {[%clk 1:13:12]}
25. Bc3 {[%clk 0:37:03]} Bxf3 {[%clk 1:13:30]} 26. gxf3 {[%clk 0:37:28]} Nh4
{[%clk 1:13:51]} 27. Re3 {[%clk 0:35:37]} Nf5 {[%clk 1:10:48]} 28. Re4 {[%clk
0:33:36]} d5 {[%clk 1:10:28]} 29. Rb4 {[%clk 0:29:37]} g5 {[%clk 0:57:43]} 30.
Kg2 {[%clk 0:18:45]} d4 {[%clk 0:50:52]} 31. Bxd4 {[%clk 0:17:21]} Nxd4 {[%clk
0:51:09]} 32. Rxd4 {[%clk 0:17:47]} Re8 {[%clk 0:51:33]} 33. Re4 {[%clk 0:16:23]}
Ra8 {[%clk 0:46:17]} 34. Ra2 {[%clk 0:15:36]} Rd2 {[%clk 0:46:07]} 35. Rd4 {[%clk
0:13:50]} Rc8 {[%clk 0:45:55]} 36. Rxa6 {[%clk 0:12:23]} Rcc2 {[%clk 0:46:11]}
37. Rd7+ {[%clk 0:12:05]} Kg6 {[%clk 0:46:28]} 38. d4 {[%clk 0:09:47]} Rxf2+
{[%clk 0:46:51]} 39. Kg1 {[%clk 0:10:14]} h4 {[%clk 0:47:08]} 40. Rdd6 {[%clk
0:08:52]} Rxf3 {[%clk 0:47:26]} 41. h3 {[%clk 0:09:05]} Rg3+ {[%clk 0:45:58]} 42.
Kf1 {[%clk 0:09:26]} Rxh3 {[%clk 0:46:04]} 43. Rxf6+ {[%clk 0:09:51]} Kh5 {[%clk
0:46:25]} 44. Ke1 {[%clk 0:07:35]} Rh1+ {[%clk 0:46:41]} 45. Rf1 {[%clk 0:08:04]}
Rc1+ {[%clk 0:47:06]} 0-1

[Event "Poznan Chess Festival"]
[Site "chess24.com"]
[Date "2021.08.20"]
[Round "7"]
[White "Dopierala, Adam"]
[Black "Wesolowski, Edgar"]
[Result "1/2-1/2"]
[Board "14"]
[WhiteElo "1582"]
[WhiteCountry "POL"]
[WhiteFideId "21878960"]
[WhiteEloChange "8"]
[BlackElo "1975"]
[BlackCountry "POL"]
[BlackFideId "1138022"]
[BlackEloChange "-8"]

1. d4 {[%clk 1:30:30]} d5 {[%clk 1:02:27]} 2. c4 {[%clk 1:31:25]} e5 {[%clk
1:02:52]} 3. e3 {[%clk 1:31:38]} e4 {[%clk 1:02:17]} 4. cxd5 {[%clk 1:28:22]}
Qxd5 {[%clk 1:02:39]} 5. Nc3 {[%clk 1:28:40]} Bb4 {[%clk 1:02:20]} 6. Qa4+ {[%clk
1:22:11]} Nc6 {[%clk 1:02:46]} 7. Bb5 {[%clk 1:17:16]} Bxc3+ {[%clk 1:02:14]} 8.
bxc3 {[%clk 1:17:42]} Bd7 {[%clk 1:02:40]} 9. Ne2 {[%clk 1:16:36]} Nf6 {[%clk
1:02:10]} 10. Qb3 {[%clk 1:12:44]} Qg5 {[%clk 1:00:46]} 11. Ng3 {[%clk 1:07:08]}
h5 {[%clk 0:58:35]} 12. h4 {[%clk 1:06:29]} Qh6 {[%clk 0:58:05]} 13. Qc2 {[%clk
1:03:16]} a6 {[%clk 0:57:50]} 14. Be2 {[%clk 1:02:24]} Qg6 {[%clk 0:56:39]} 15.
a3 {[%clk 0:58:16]} Ne7 {[%clk 0:56:35]} 16. Rg1 {[%clk 0:49:52]} c6 {[%clk
0:51:32]} 17. Bd2 {[%clk 0:47:26]} b5 {[%clk 0:46:18]} 18. Nh1 {[%clk 0:36:01]}
Bf5 {[%clk 0:44:21]} 19. O-O-O {[%clk 0:33:55]} Nfd5 {[%clk 0:42:32]} 20. Ng3
{[%clk 0:33:10]} c5 {[%clk 0:39:42]} 21. Nxf5 {[%clk 0:29:51]} Qxf5 {[%clk
0:40:07]} 22. f3 {[%clk 0:25:56]} cxd4 {[%clk 0:39:16]} 23. fxe4 {[%clk 0:25:17]}
Qf2 {[%clk 0:39:40]} 24. exd5 {[%clk 0:24:54]} dxe3 {[%clk 0:39:37]} 25. Bxe3
{[%clk 0:23:29]} Qxe3+ {[%clk 0:40:00]} 26. Qd2 {[%clk 0:23:56]} Nxd5 {[%clk
0:38:58]} 27. Bf3 {[%clk 0:23:23]} Qxc3+ {[%clk 0:27:26]} 28. Qxc3 {[%clk
0:23:24]} Nxc3 {[%clk 0:27:52]} 29. Rge1+ {[%clk 0:21:17]} Kf8 {[%clk 0:28:18]}
30. Bxa8 {[%clk 0:21:30]} Nxd1 {[%clk 0:28:40]} 31. Bc6 {[%clk 0:20:29]} g6
{[%clk 0:27:40]} 32. Re8+ {[%clk 0:20:55]} Kg7 {[%clk 0:28:06]} 33. Rxh8 {[%clk
0:21:15]} Kxh8 {[%clk 0:28:32]} 34. Kxd1 {[%clk 0:21:41]} Kg7 {[%clk 0:28:57]}
35. Ke2 {[%clk 0:21:25]} f6 {[%clk 0:29:05]} 36. Ke3 {[%clk 0:21:21]} g5 {[%clk
0:29:21]} 37. g3 {[%clk 0:21:24]} gxh4 {[%clk 0:29:31]} 38. gxh4 {[%clk 0:21:49]}
Kf7 {[%clk 0:29:57]} 39. Kf4 {[%clk 0:21:24]} Ke6 {[%clk 0:30:21]} 40. Be8 {[%clk
0:21:45]} Ke7 {[%clk 0:30:42]} 41. Bxh5 {[%clk 0:22:09]} a5 {[%clk 0:31:11]} 42.
Bg6 {[%clk 0:22:22]} b4 {[%clk 0:31:30]} 43. axb4 {[%clk 0:22:13]} axb4 {[%clk
0:31:56]} 44. Bc2 {[%clk 0:22:28]} Kf7 {[%clk 0:32:19]} 45. Kf5 {[%clk 0:22:51]}
Kg7 {[%clk 0:32:43]} 46. Bd1 {[%clk 0:21:58]} Kh6 {[%clk 0:33:06]} 47. Ke4 {[%clk
0:22:18]} b3 {[%clk 0:33:26]} 48. Kd3 {[%clk 0:22:44]} b2 {[%clk 0:33:46]} 49.
Kc2 {[%clk 0:23:11]} b1=B+ {[%clk 0:34:12]} 50. Kxb1 {[%clk 0:23:37]} Kg6 {[%clk
0:34:34]} 51. Kc2 {[%clk 0:23:43]} Kh6 {[%clk 0:35:00]} 52. Kd3 {[%clk 0:24:09]}
Kg6 {[%clk 0:35:26]} 53. Ke4 {[%clk 0:24:31]} Kg7 {[%clk 0:35:40]} 54. Kf5 {[%clk
0:24:48]} Kh8 {[%clk 0:35:52]} 55. Kg6 {[%clk 0:22:03]} Kg8 {[%clk 0:36:12]} 56.
Kh6 {[%clk 0:18:39]} f5 {[%clk 0:36:37]} 57. h5 {[%clk 0:16:28]} f4 {[%clk
0:37:01]} 58. Kg6 {[%clk 0:16:46]} Kh8 {[%clk 0:37:27]} 59. Bf3 {[%clk 0:17:07]}
Kg8 {[%clk 0:37:51]} 60. Bd5+ {[%clk 0:17:24]} Kh8 {[%clk 0:38:13]} 1/2-1/2

[Event "Poznan Chess Festival"]
[Site "chess24.com"]
[Date "2021.08.20"]
[Round "7"]
[White "Nowak, Roksana"]
[Black "Twardowski, Hubert"]
[Result "1-0"]
[Board "16"]
[WhiteElo "1561"]
[WhiteCountry "POL"]
[WhiteFideId "21847991"]
[WhiteEloChange "17"]
[BlackElo "1877"]
[BlackCountry "POL"]
[BlackFideId "1190415"]
[BlackEloChange "-17"]

1. e4 {[%clk 1:30:57]} c5 {[%clk 1:30:25]} 2. Nf3 {[%clk 1:31:20]} Nc6 {[%clk
1:30:54]} 3. d4 {[%clk 1:31:38]} cxd4 {[%clk 1:31:20]} 4. Nxd4 {[%clk 1:32:02]}
e5 {[%clk 1:30:20]} 5. Nb5 {[%clk 1:31:59]} d6 {[%clk 1:30:37]} 6. c4 {[%clk
1:32:11]} a6 {[%clk 1:30:20]} 7. N5a3 {[%clk 1:32:24]} Be7 {[%clk 1:22:00]} 8.
Nc3 {[%clk 1:30:17]} Nf6 {[%clk 1:21:07]} 9. Be2 {[%clk 1:29:47]} O-O {[%clk
1:20:53]} 10. O-O {[%clk 1:29:45]} Nd7 {[%clk 1:11:01]} 11. Nc2 {[%clk 1:26:30]}
Nc5 {[%clk 1:02:29]} 12. Be3 {[%clk 1:13:43]} f5 {[%clk 0:48:07]} 13. f3 {[%clk
1:02:00]} f4 {[%clk 0:42:09]} 14. Bf2 {[%clk 1:01:46]} a5 {[%clk 0:39:29]} 15.
Qd2 {[%clk 0:47:51]} Be6 {[%clk 0:35:56]} 16. Rfd1 {[%clk 0:46:26]} Qe8 {[%clk
0:32:37]} 17. Nb5 {[%clk 0:45:51]} Rd8 {[%clk 0:32:30]} 18. Nc7 {[%clk 0:44:07]}
Qf7 {[%clk 0:32:52]} 19. Nd5 {[%clk 0:44:25]} g5 {[%clk 0:32:27]} 20. Na3 {[%clk
0:40:02]} g4 {[%clk 0:20:30]} 21. Qe1 {[%clk 0:35:34]} gxf3 {[%clk 0:17:33]} 22.
Bxf3 {[%clk 0:34:25]} b6 {[%clk 0:07:30]} 23. Nxb6 {[%clk 0:20:55]} Rb8 {[%clk
0:07:50]} 24. Bxc5 {[%clk 0:20:30]} dxc5 {[%clk 0:08:16]} 25. Nd5 {[%clk
0:20:20]} Nd4 {[%clk 0:07:00]} 26. Qc3 {[%clk 0:19:39]} Bd8 {[%clk 0:05:50]} 27.
Nc2 {[%clk 0:18:05]} Qg7 {[%clk 0:05:30]} 28. Nxd4 {[%clk 0:17:32]} exd4 {[%clk
0:04:31]} 29. Qd2 {[%clk 0:17:14]} Bg4 {[%clk 0:04:07]} 30. Kh1 {[%clk 0:16:47]}
h5 {[%clk 0:03:35]} 31. Rf1 {[%clk 0:15:41]} Qe5 {[%clk 0:02:33]} 32. b3 {[%clk
0:12:31]} Bc7 {[%clk 0:01:32]} 33. Qf2 {[%clk 0:11:29]} Kh8 {[%clk 0:01:25]} 34.
Bxg4 {[%clk 0:10:09]} hxg4 {[%clk 0:01:42]} 35. Qh4+ {[%clk 0:10:32]} Kg8 {[%clk
0:02:10]} 36. Qxg4+ {[%clk 0:10:52]} Kh8 {[%clk 0:02:32]} 37. Nxc7 {[%clk
0:09:59]} Qxc7 {[%clk 0:02:36]} 38. Qh5+ {[%clk 0:10:08]} Qh7 {[%clk 0:01:43]}
39. Qxc5 {[%clk 0:10:00]} Qxe4 {[%clk 0:01:49]} 40. Rae1 {[%clk 0:10:23]} Qf5
{[%clk 0:00:48]} 41. Re5 {[%clk 0:10:41]} Qf6 {[%clk 0:00:46]} 42. Rh5+ {[%clk
0:10:12]} Kg7 {[%clk 0:01:03]} 43. Qc7+ {[%clk 0:10:31]} Qf7 {[%clk 0:00:51]} 44.
Qxa5 {[%clk 0:10:13]} Rbe8 {[%clk 0:00:39]} 45. Rc5 {[%clk 0:09:25]} Re7 {[%clk
0:00:36]} 46. Qb6 {[%clk 0:09:18]} d3 {[%clk 0:00:35]} 47. Rg5+ {[%clk 0:09:37]}
Kh7 {[%clk 0:00:56]} 48. Qf2 {[%clk 0:09:38]} Re6 {[%clk 0:01:02]} 49. Qf3 {[%clk
0:09:06]} Rd8 {[%clk 0:01:05]} 50. Rh5+ {[%clk 0:08:17]} Kg7 {[%clk 0:01:23]} 51.
Rd5 {[%clk 0:07:39]} Rxd5 {[%clk 0:01:14]} 52. Qxd5 {[%clk 0:07:37]} Qg6 {[%clk
0:01:14]} 53. Qd4+ {[%clk 0:07:46]} Rf6 {[%clk 0:00:42]} 54. Rd1 {[%clk 0:06:02]}
Qg4 {[%clk 0:00:33]} 55. Qxd3 {[%clk 0:06:13]} Rf7 {[%clk 0:00:35]} 56. c5 {[%clk
0:06:27]} Kh8 {[%clk 0:00:34]} 57. Qd4+ {[%clk 0:06:16]} Rg7 {[%clk 0:00:31]} 58.
Qd8+ {[%clk 0:06:14]} Rg8 {[%clk 0:00:32]} 59. Qf6+ {[%clk 0:06:30]} Kh7 {[%clk
0:00:51]} 60. Qe7+ {[%clk 0:06:19]} Kh8 {[%clk 0:01:10]} 61. Qe5+ {[%clk
0:05:56]} Rg7 {[%clk 0:00:45]} 62. Rd8+ {[%clk 0:05:43]} Kh7 {[%clk 0:01:14]} 63.
Qe4+ {[%clk 0:05:50]} Rg6 {[%clk 0:01:29]} 64. c6 {[%clk 0:05:24]} Qg5 {[%clk
0:01:00]} 65. Rd6 {[%clk 0:04:46]} 1-0